000 00374nam a22001337a 4500
003 SGT
020 _a9788193503218
082 _a891.4309
_bB18T
100 _aठाकुर, नरेंद्र
245 _aभारत की भारतीय अवधारणा
260 _b विमर्श प्रकाशन
_c2018
300 _a112
942 _2ddc
_cBK
999 _c30145
_d30145